DETERMINATION OF THE AMOUNT OF HYDNOPHYTUM FORMICARUM JACK AND TEMPERATURE FOR AGING THE WHISKEY PRODUCT. ការកំណត់បរិមាណម្រោចសួតដំរី និងសីតុណ្ហភាពត្រាំសម្រាប់ដំណើរការផលិតស្រាវីស្គី (Record no. 22771)

000 -LEADER
fixed length control field 00724nam a22001577a 4500
003 - CONTROL NUMBER IDENTIFIER
control field LRUA
005 - DATE AND TIME OF LATEST TRANSACTION
control field 20240402213446.0
008 - FIXED-LENGTH DATA ELEMENTS--GENERAL INFORMATION
fixed length control field 240402b xxu||||| |||| 00| 0 eng d
040 ## - CATALOGING SOURCE
Transcribing agency RUA
082 ## - DEWEY DECIMAL CLASSIFICATION NUMBER
Edition number AGR LOE 2022 B1-570 Or.
100 ## - MAIN ENTRY--PERSONAL NAME
9 (RLIN) 16423
Personal name LOEM KIMSHINH លឹម គីមសុីញ
245 ## - TITLE STATEMENT
Title DETERMINATION OF THE AMOUNT OF HYDNOPHYTUM FORMICARUM JACK AND TEMPERATURE FOR AGING THE WHISKEY PRODUCT. ការកំណត់បរិមាណម្រោចសួតដំរី និងសីតុណ្ហភាពត្រាំសម្រាប់ដំណើរការផលិតស្រាវីស្គី
260 ## - PUBLICATION, DISTRIBUTION, ETC. (IMPRINT)
Place of publication, distribution, etc. Phnom Penh
Name of publisher, distributor, etc. RUA
Date of publication, distribution, etc. 2022
300 ## - PHYSICAL DESCRIPTION
Extent IX.40P
Other physical details VII.
Dimensions 29CM
942 ## - ADDED ENTRY ELEMENTS (KOHA)
Source of classification or shelving scheme
Koha item type AGR
Holdings
Price effective from Date last seen Permanent Location Not for loan Date acquired Source of classification or shelving scheme Koha item type Lost status Withdrawn status Date last checked out Total Checkouts Shelving location Damaged status Barcode Current Location Full call number
2024-04-022024-04-02Library Block B 2024-04-02 AGR    B1.570 a077859Library Block BAGR LOE 2022 B1-570 Or.
2024-04-022025-07-30Library Block B 2024-04-02 AGR  2025-07-141B1.570 a078208Library Block BAGR LOE 2022 B1-570 Or.
2024-04-022024-04-02Library Block B 2024-04-02 AGR    B1.570 a077947Library Block BAGR LOE 2022 B1-570 Or.
2024-04-022024-04-02Library Block B 2024-04-02 AGR    B1.570 a078228Library Block BAGR LOE 2022 B1-570 Or.
មជ្ឈមណ្ឌលឯការនៃសាកលវិទ្យាល័យភូមិន្ទកសិកម្មចំការដូង

Powered by Koha